<?xml version="1.0" encoding="UTF-8"?>
<collection xmlns="http://www.loc.gov/MARC21/slim">
 <record>
  <leader>01642pam a22002538a 4500</leader>
  <controlfield tag="001">00022706</controlfield>
  <controlfield tag="005">20171026081025.0</controlfield>
  <controlfield tag="008">110601s2003                  ||||||Viesd</controlfield>
  <datafield tag="041" ind1="0" ind2="#">
   <subfield code="a">Vie</subfield>
  </datafield>
  <datafield tag="082" ind1="1" ind2="4">
   <subfield code="a">709</subfield>
   <subfield code="b">L302S</subfield>
  </datafield>
  <datafield tag="100" ind1="0" ind2="#">
   <subfield code="a">Phạm Thị Chỉnh</subfield>
  </datafield>
  <datafield tag="245" ind1="0" ind2="0">
   <subfield code="a">Lịch sử mĩ thuật thế giới</subfield>
   <subfield code="b">Giáo trình CĐSP</subfield>
   <subfield code="c">Phạm Thị Chỉnh</subfield>
  </datafield>
  <datafield tag="260" ind1="#" ind2="#">
   <subfield code="a">H.</subfield>
   <subfield code="b">ĐH Sư phạm</subfield>
   <subfield code="c">2003</subfield>
  </datafield>
  <datafield tag="300" ind1="#" ind2="#">
   <subfield code="a">214 tr.</subfield>
   <subfield code="c">24 cm.</subfield>
   <subfield code="b">hình ảnh</subfield>
  </datafield>
  <datafield tag="500" ind1="#" ind2="#">
   <subfield code="a">ĐBS ghi: Bộ GD và ĐT. Dự án đào tạo giáo viên THCS</subfield>
  </datafield>
  <datafield tag="653" ind1="#" ind2="#">
   <subfield code="a">Lịch sử</subfield>
  </datafield>
  <datafield tag="653" ind1="#" ind2="#">
   <subfield code="a">Thế giới</subfield>
  </datafield>
  <datafield tag="653" ind1="#" ind2="#">
   <subfield code="a">Mỹ thuật</subfield>
  </datafield>
  <datafield tag="852" ind1="#" ind2="#">
   <subfield code="b">Kho mượn</subfield>
   <subfield code="j">KGT.0013518</subfield>
  </datafield>
  <datafield tag="852" ind1="#" ind2="#">
   <subfield code="b">Kho đọc</subfield>
   <subfield code="j">KD.0007363</subfield>
  </datafield>
  <datafield tag="852" ind1="#" ind2="#">
   <subfield code="j">KGT.0013526</subfield>
   <subfield code="j">KGT.0013528</subfield>
   <subfield code="j">KGT.0013529</subfield>
   <subfield code="j">KGT.0013531</subfield>
   <subfield code="j">KGT.0013532</subfield>
   <subfield code="j">KGT.0013534</subfield>
   <subfield code="j">KGT.0013535</subfield>
   <subfield code="j">KGT.0013537</subfield>
   <subfield code="j">KGT.0013538</subfield>
   <subfield code="j">KGT.0013519</subfield>
   <subfield code="j">KGT.0013520</subfield>
   <subfield code="j">KGT.0013522</subfield>
   <subfield code="j">KGT.0013523</subfield>
   <subfield code="j">KGT.0013525</subfield>
   <subfield code="j">KGT.0033149</subfield>
   <subfield code="j">KGT.0033450</subfield>
   <subfield code="j">KGT.0034380</subfield>
   <subfield code="j">KD.0007363</subfield>
   <subfield code="j">KGT.0034381</subfield>
   <subfield code="j">KGT.0032730</subfield>
   <subfield code="j">KGT.0047509</subfield>
   <subfield code="j">KGT.0033176</subfield>
   <subfield code="j">KGT.0013518</subfield>
   <subfield code="j">KGT.0013521</subfield>
   <subfield code="j">KGT.0013524</subfield>
   <subfield code="j">KGT.0013527</subfield>
   <subfield code="j">KGT.0013530</subfield>
   <subfield code="j">KGT.0013533</subfield>
   <subfield code="j">KGT.0013536</subfield>
   <subfield code="j">KGT.0013539</subfield>
   <subfield code="j">KGT.0055113</subfield>
  </datafield>
  <datafield tag="852" ind1="#" ind2="#">
   <subfield code="j">KGT.0013518, KGT.0013519, KGT.0013520, KGT.0013521, KGT.0013522, KGT.0013523, KGT.0013524, KGT.0013525, KGT.0013526, KGT.0013527, KGT.0013528, KGT.0013529, KGT.0013530, KGT.0013531, KGT.0013532, KGT.0013533, KGT.0013534, KGT.0013535, KGT.0013536, KGT.0013537, KGT.0013538, KGT.0013539, KGT.0032730, KGT.0033149, KGT.0033176, KGT.0033450, KGT.0034380, KGT.0034381, KGT.0047509</subfield>
   <subfield code="b">Kho giáo trình</subfield>
  </datafield>
  <datafield tag="910" ind1="0" ind2="#">
   <subfield code="a">ngọc</subfield>
   <subfield code="d">01/06/2011</subfield>
  </datafield>
  <datafield tag="980" ind1="#" ind2="#">
   <subfield code="a">Trung tâm Học liệu Lê Vũ Hùng, Trường Đại học Đồng Tháp</subfield>
  </datafield>
 </record>
</collection>
